Erfolgreichste Filme der 2020er nach Haupthelden - Statistiken

Allgemein
  • Dieses Quiz wurde 258 mal gespielt
    16 seit der letzten Aktualisierung
  • Das Durchschnittsergebnis liegt bei 15 aus 20
Antwortstatistiken
Bildquiz Hint Antwort % Korrekt
Sam Worthington Avatar – The Way of Water
100%
Margot Robbie Barbie
100%
Chris Pratt Der Super Mario Bros. Film
100%
Steve Carell Minions – Auf der Suche nach dem Mini-Boss / Ich – Einfach unverbesserlich 4
100%
Tom Holland Spider-Man: No Way Home
100%
Ryan Reynolds Deadpool & Wolverine
93%
Daniel Craig James Bond 007 – Keine Zeit zu Sterben
93%
Amy Poehler Alles steht Kopf 2
87%
Tom Cruise Top Gun: Maverick
87%
Ginnifer Goodwin, Jason Bateman Zoomania 2
87%
Auliʻi Cravalho Vaiana 2
80%
Timothée Chalamet Dune: Part Two
73%
Sebastian Hansen Ein Minecraft Film
73%
Cillian Murphy Oppenheimer
73%
Michael Herbig Das Kanu des Manitu
67%
Braelyn Rankins (Junges), Aaron Pierre (Adult) Mufasa: Der König der Löwen
53%
Eddie Redmayne Phantastische Tierwesen: Dumbledores Geheimnisse
53%
Jella Haase Chantal im Märchenland
40%
Loris Sichrovsky, Emilia Maier, Emilia Pieske, Luis Vorbach, Lilith Jonah, Leonard Conrads Die Schule der magischen Tiere
40%
Chris Sanders Lilo & Stitch
33%
Keine übereinstimmenden Quizze gefunden
Verteilung der Resultate
Anzahl Personen mit jedem Resultat
Perzentil nach korrekt beantworteten Fragen
Ihre Resultats-Entwicklung
Sie haben dieses Quiz seit der letzten Aktualisierung nicht gespielt